Vznik a udržiavanie konkurenčnej výhody vo vybranom podniku diplomová práca

Guardado en:
Detalles Bibliográficos
Autor principal: Druska, Matej
Autor Corporativo: Fakulta podnikového manažmentu EU. Katedra manažmentu
Otros Autores: Hudáková, Ivana, 1976-
Formato: Libro
Lenguaje:eslovaco
Publicado: Bratislava 2011
Etiquetas: Agregar Etiqueta
Sin Etiquetas, Sea el primero en etiquetar este registro!

MARC

LEADER 00000nbm a2200000 4500
001 0131329
005 20161109101659.0
041 0 |a slo 
044 |a SK 
245 1 0 |a Vznik a udržiavanie konkurenčnej výhody vo vybranom podniku  |b diplomová práca  |c Matej Druska ; školiteľ: Ivana Hudáková 
264 1 |a Bratislava  |c 2011 
300 |a 76 s. 
100 1 |a Druska, Matej 
700 1 |a Hudáková, Ivana, 1976- 
710 2 |a Fakulta podnikového manažmentu EU. Katedra manažmentu